[Event "ROM-ch U12"]
[Site "Baile Felix"]
[Date "2017.02.07"]
[Round "7"]
[White "Papa, Matei"]
[Black "Grigore, Fabian Cristian"]
[Result "1-0"]
[WhiteElo "1107"]
[BlackElo "1005"]
[PlyCount "123"]
[EventDate "2017.02.02"]
[EventType "swiss"]
[EventRounds "9"]
[EventCountry "ROU"]
[SourceTitle "CBM 176 Extra"]
[Source "ChessBase"]
[SourceDate "2017.03.02"]
[SourceVersion "1"]
[SourceVersionDate "2017.03.02"]
[SourceQuality "1"]

1. e4 e5 2. Nf3 Nc6 3. Nc3 Bc5 4. Nxe5 Nxe5 5. d4 Bxd4 6. Qxd4 Nc6 7. Qxg7 Qf6 8. Qxf6 Nxf6 9. Bg5 Ng4 10. h3 Nge5 11. Bf6 Rg8 12. Bxe5 Nxe5 13. f4 Nc6 14. Nd5 Kd8 15. g4 d6 16. f5 Nd4 17. 0-0-0 Nc6 18. Bb5 Bd7 19. Nf6 Rh8 20. Nxd7 Kxd7 21. e5 a6 22. Bxc6+ Kxc6 23. exd6 cxd6 24. Rhe1 b5 25. Re7 f6 26. Re6 Rad8 27. Rxf6 a5 28. h4 a4 29. g5 b4 30. h5 b3 31. axb3 axb3 32. cxb3 Rhg8 33. g6 h6 34. Re1 Rb8 35. Ree6 Rxb3 36. Rxd6+ Kc5 37. Rc6+ Kd5 38. Rb6 Rh3 39. Rfd6+ Ke5 40. f6 Rc8+ 41. Rdc6 Rh1+ 42. Kd2 Rh2+ 43. Kc3 Rh3+ 44. Kb4 Rxc6 45. Rxc6 Rh4+ 46. Kc5 Rxh5 47. f7 Ke4+ 48. Kb6 Rf5 49. g7 Rxf7 50. g8Q Rf2 51. Qc4+ Kf3 52. Rf6+ Kg2 53. Rxf2+ Kxf2 54. Qe4 h5 55. Qh4+ Ke2 56. Qxh5+ Kd2 57. Qf3 Kc2 58. Qe3 Kxb2 59. Qd3 Ka2 60. Qc3 Kb1 61. Qd2 Ka1 62. Kb5 1-0

[Event "ROM-ch U12"]
[Site "Baile Felix"]
[Date "2017.02.05"]
[Round "4"]
[White "Grigore, Fabian Cristian"]
[Black "Ungureanu, Alexandru Daniel"]
[Result "1-0"]
[WhiteElo "1005"]
[BlackElo "1001"]
[PlyCount "79"]
[EventDate "2017.02.02"]
[EventType "swiss"]
[EventRounds "9"]
[EventCountry "ROU"]
[SourceTitle "CBM 176 Extra"]
[Source "ChessBase"]
[SourceDate "2017.03.02"]
[SourceVersion "1"]
[SourceVersionDate "2017.03.02"]
[SourceQuality "1"]

1. e4 e5 2. Nf3 Nc6 3. Bc4 Bc5 4. Nc3 Nf6 5. d3 d6 6. Bg5 h6 7. Bh4 g5 8. Bg3 h5 9. h3 Nd4 10. Nxg5 h4 11. Nxf7 hxg3 12. Nxd8 b5 13. Bd5 Nxd5 14. Nxd5 Nf3+ 15. gxf3 Rxh3 16. Rxh3 Bxh3 17. Nxc7+ Kd7 18. Nxa8 Bxf2+ 19. Ke2 Kxd8 20. Qd2 d5 21. Qg5+ Kc8 22. Qxe5 Kb7 23. Qxd5+ Kb8 24. Qd8+ Kb7 25. e5 Bg2 26. e6 Bc5 27. Nc7 Bh3 28. d4 Bb6 29. e7 Bxc7 30. Qf8 Bd7 31. e8Q Bxe8 32. Qxe8 Ba5 33. Rg1 Bc7 34. Qe7 Kb8 35. d5 a5 36. d6 Bxd6 37. Qxd6+ Kb7 38. Rxg3 a4 39. Rg7+ Ka8 40. Qd8# 1-0

[Event "ROM-ch U12"]
[Site "Calimanesti Caciulata"]
[Date "2016.04.22"]
[Round "6"]
[White "Grigore, Fabian Cristian"]
[Black "Capragiu, Matei Stefan"]
[Result "0-1"]
[WhiteElo "1001"]
[BlackElo "1024"]
[PlyCount "87"]
[EventDate "2016.04.18"]
[EventType "swiss"]
[EventRounds "9"]
[EventCountry "ROU"]
[SourceTitle "CBM 172 Extra"]
[Source "ChessBase"]
[SourceDate "2016.06.21"]
[SourceVersion "1"]
[SourceVersionDate "2016.06.21"]
[SourceQuality "1"]

1. e4 e5 2. Nf3 Nc6 3. Bc4 Bc5 4. Nc3 d6 5. h3 Nf6 6. d3 Be6 7. Bxe6 fxe6 8. a3 d5 9. Bg5 0-0 10. 0-0 Qd7 11. Re1 Rae8 12. b4 Bb6 13. exd5 exd5 14. b5 Nd4 15. Nxe5 Qd6 16. a4 Rxe5 17. Rxe5 Qxe5 18. Qc1 Ba5 19. Qe3 Qxe3 20. fxe3 Bxc3 21. Rf1 Ne6 22. Bh4 d4 23. e4 Nd7 24. Rd1 Ndc5 25. a5 Na4 26. Be7 Rf7 27. Bh4 Nac5 28. e5 Bxa5 29. Ra1 Bb6 30. c4 Nxd3 31. Ra3 Nxe5 32. Bf2 Nxc4 33. Ra1 Rd7 34. Re1 Nc5 35. Re8+ Kf7 36. Re2 d3 37. Re1 d2 38. Rf1 d1Q 39. Bxc5+ Kg6 40. Bxb6 Qxf1+ 41. Kxf1 Nxb6 42. Kg1 Rd5 43. Kh2 Rxb5 44. Kh1 0-1

[Event "ROM-ch U12"]
[Site "Calimanesti Caciulata"]
[Date "2016.04.18"]
[Round "1"]
[White "Grigore, Fabian Cristian"]
[Black "Saulescu, Ioan Alexandru"]
[Result "0-1"]
[WhiteElo "1001"]
[BlackElo "1327"]
[PlyCount "44"]
[EventDate "2016.04.18"]
[EventType "swiss"]
[EventRounds "9"]
[EventCountry "ROU"]
[SourceTitle "CBM 172 Extra"]
[Source "ChessBase"]
[SourceDate "2016.06.21"]
[SourceVersion "1"]
[SourceVersionDate "2016.06.21"]
[SourceQuality "1"]

1. e4 e5 2. Nf3 Nc6 3. Bc4 Bc5 4. d3 h6 5. Nc3 d6 6. h3 Nf6 7. 0-0 0-0 8. Qe2 Be6 9. Bxe6 fxe6 10. Be3 Nd4 11. Bxd4 exd4 12. Nb5 e5 13. c3 dxc3 14. Nxc3 Qc8 15. Qd2 Nh5 16. d4 exd4 17. Nxd4 Nf4 18. g4 Nxh3+ 19. Kh2 Qxg4 20. Qd3 Nf4 21. Rg1 Qh4+ 22. Qh3 Qxh3# 0-1